LEADER 01668nam 2200421 n 450 001 996389526003316 005 20221108085042.0 035 $a(CKB)1000000000643547 035 $a(EEBO)2240899142 035 $a(UnM)99856648 035 $a(EXLCZ)991000000000643547 100 $a19921021d1484 uy | 101 0 $aeng 135 $aurbn||||a|bb| 200 10$a[Here begynneth the booke which the knyght of the toure made$b[electronic resource] $eand speketh of many fayre ensamples and thensygnementys and techyng of his doughters] 210 $a[[Westminster $cWilliam Caxton]$dthe yere of oure lord M CCCC lxxxiij and enprynted at Westmynstre the last day of Ianyuer the fyrst yere of the regne of kynge Rychard the thyrd. [1484]] 215 $a[208] p 300 $aTitle from heading, a1r--cf. STC. 300 $aA translation by William Caxton of the French original by Geoffroy La Tour Landry. 300 $aImprint from colophon. 300 $aSignatures: pi⁴ a-m n⁴. 300 $aReproduction of the original in the British Library. 330 $aeebo-0018 606 $aWomen$xEducation, Medieval$vEarly works to 1800 606 $aConduct of life$vEarly works to 1800 615 0$aWomen$xEducation, Medieval 615 0$aConduct of life 700 $aLa Tour Landry$b Geoffroy de$f14th cent.$0962207 701 $aCaxton$b William$fca. 1422-1491.$0196637 801 0$bCu-RivES 801 1$bCu-RivES 801 2$bUk-ES 801 2$bCStRLIN 801 2$bWaOLN 906 $aBOOK 912 $a996389526003316 996 $aHere begynneth the booke which the knyght of the toure made$92329027 997 $aUNISA LEADER 02225oas 2200877 a 450 001 9910146377503321 005 20250921213016.0 011 $a2167-2725 035 $a(OCoLC)48060993 035 $a(CONSER) 2001255007 035 $a(CKB)954921425613 035 $a(EXLCZ)99954921425613 100 $a20011001b19932005 uy a 101 0 $aeng 135 $aurcnu|||||||| 181 $ctxt$2rdacontent 182 $cc$2rdamedia 183 $acr$2rdacarrier 200 14$aThe Academy of Management executive 210 $aAda, Ohio $cAcademy of Management$d1993-2005 300 $aRefereed/Peer-reviewed 300 $aTitle from cover (JSTOR, viewed Oct. 24, 2008). 300 $aPublished: Briarcliff Manor, NY, 1995-2005. 311 0 $a1079-5545 517 3 $aExecutive 606 $aManagement$vPeriodicals 606 $aOrganizational change$vPeriodicals 606 $aExecutives$vPeriodicals 606 $aGestion$vPe?riodiques 606 $aExecutives$2fast$3(OCoLC)fst00917875 606 $aManagement$2fast$3(OCoLC)fst01007141 606 $aOrganizational change$2fast$3(OCoLC)fst01047828 606 $aManagement$2gtt 608 $aPeriodicals.$2fast 608 $aPeriodicals.$2lcgft 615 0$aManagement 615 0$aOrganizational change 615 0$aExecutives 615 6$aGestion 615 7$aExecutives. 615 7$aManagement. 615 7$aOrganizational change. 615 17$aManagement. 676 $a650 712 02$aAcademy of Management 801 0$bZCU 801 1$bZCU 801 2$bOCLCQ 801 2$bSERSO 801 2$bEYM 801 2$bHUL 801 2$bOCLCO 801 2$bDLC 801 2$bAD# 801 2$bOCLCQ 801 2$bGBVCP 801 2$bOCLCQ 801 2$bOCLCO 801 2$bVT2 801 2$bOCLCQ 801 2$bOCLCF 801 2$bOCLCO 801 2$bOCLCQ 801 2$bGILDS 801 2$bOCLCO 801 2$bCNTRU 801 2$bIOY 801 2$bOCLCQ 801 2$bORU 801 2$bOCLCL 801 2$bOCLCQ 801 2$bOCLCL 906 $aJOURNAL 912 $a9910146377503321 996 $aThe Academy of Management executive$92247845 997 $aUNINA